000 00691nam a2200229 a 4500
001 66675
003 BD-RjUL
005 20211209081551.0
008 170321s1950 ii 001 0 eng d
035 _a(BD-RjUL)66806
040 _aWAU
_cWAU
_dUKM
_dEQO
_dBD-RjUL
_beng
041 _aeng
082 0 4 _223
_a343.54076
_bPRM 1950
100 1 _aPrasad, Jagdamba.
_9198356
245 1 0 _aManual of law for forest officers /
_cJagdamba Prasad.
250 _aRev. ed.
260 _aBombay ;
_aNew York :
_bIndian Branch, Oxford University Press,
_c1950.
300 _avii, 151 p. ;
_c23 cm.
500 _aIncludes Index
650 0 _aForestry law and legislation
_zIndia.
_9198357
942 _2ddc
_cBK
999 _c66675
_d66675